| 000 | 00530nam a22001937a 4500 | ||
|---|---|---|---|
| 003 | OSt | ||
| 005 | 20150409161055.0 | ||
| 008 | 150409b xxu||||| |||| 00| 0 eng d | ||
| 020 | _a044300143x | ||
| 040 | _cDNLM | ||
| 082 | _aWO 100 D279c 1979 | ||
| 100 |
_aDavey W W _93543 |
||
| 245 |
_aCompanion to surgery in Africa / _cW. W. Davey |
||
| 260 |
_aLondon : _bChurchill Livingstone ; _c1979. |
||
| 300 |
_axviii, 356 p : _bill; _c25 cm. |
||
| 504 | _aIncludes references and index. | ||
| 650 |
_aSurgery _9323 |
||
| 942 |
_2z _cSLOAN |
||
| 999 |
_c1376 _d1376 |
||